000 00390nam a2200181Ia 4500
001 11161
005 20260306161926.0
008 260306t2002||||xx |||||||||||||| ||spa||
041 _aESP
082 _a985.01
_bG51 T. 2
100 _aGiurato, Toto
_eAUT
245 0 _aPerĂº Incaico
260 _c2002
300 _a
_c
650 _aGEN
654 _aCHU
942 _cLIB
_dJUS
_fJUS
_2ddc
_n
999 _c11161
_d11161